Database management systems

Spremljeno u:
Bibliografski detalji
Glavni autor: Ramakrishnan, Raghu
Format: Knjiga
Izdano: WCB/McGraw-Hill 1997
Oznake: Dodaj oznaku
Bez oznaka, Budi prvi tko označuje ovaj zapis!
Thư viện lưu trữ: Mạng thư viện Đại học Đà Nẵng
LEADER 00550nam a2200229 a 4500
001 000028624
003 14281
005 20171030145630.0
008 171030s1997
040 |a LTT 
082 0 |a 005,74  |b RA-R 
100 1 |a Ramakrishnan, Raghu 
245 0 0 |a Database management systems  |c Raghu Ramakrishnan. 
260 |b WCB/McGraw-Hill  |c 1997 
500 |a ASIA 
OWN |a LTT 
999 |a From the UDN01 
TYP |a Monograph 
TYP |a Printed language 
980 |a Mạng thư viện Đại học Đà Nẵng